Inside the travel industry : (Record no. 1855)

MARC details
000 -LEADER
fixed length control field 01090cam a2200337 a 4500
001 - CONTROL NUMBER
control field data
005 - DATE AND TIME OF LATEST TRANSACTION
control field 20260322212121.0
008 - FIXED-LENGTH DATA ELEMENTS--GENERAL INFORMATION
fixed length control field data
035 ## - SYSTEM CONTROL NUMBER
System control number 526036
010 ## - LIBRARY OF CONGRESS CONTROL NUMBER
LC control number 86198848
020 ## - INTERNATIONAL STANDARD BOOK NUMBER
International Standard Book Number 0938859005
Qualifying information pbk.
020 ## - INTERNATIONAL STANDARD BOOK NUMBER
International Standard Book Number 9780938859000
Qualifying information (pbk.)
035 ## - SYSTEM CONTROL NUMBER
-- (DLC) 86198848
040 ## - CATALOGING SOURCE
Original cataloging agency DLC
Transcribing agency DLC
Modifying agency DLC
050 00 - LIBRARY OF CONGRESS CALL NUMBER
Classification number G151
Item number .R65 1986
082 00 - DEWEY DECIMAL CLASSIFICATION NUMBER
Classification number 380.1/459104
Edition information 19
100 1# - MAIN ENTRY--PERSONAL NAME
Personal name Rogers, William H.
Fuller form of name (William Haynes),
Dates associated with a name 1946-
245 10 - TITLE STATEMENT
Title Inside the travel industry :
Remainder of title the consumers guide to travel /
Statement of responsibility, etc. by William H. Rogers.
260 ## - PUBLICATION, DISTRIBUTION, ETC.
Place of publication, distribution, etc. Arlington, Tex., U.S.A. :
Name of publisher, distributor, etc. International Consumer Pub. Co.,
Date of publication, distribution, etc. c1986.
300 ## - PHYSICAL DESCRIPTION
Extent 127 p. ;
Dimensions 22 cm.
336 ## - CONTENT TYPE
Content type term text
Content type code txt
Source rdacontent
337 ## - MEDIA TYPE
Media type term unmediated
Media type code n
Source rdamedia
338 ## - CARRIER TYPE
Carrier type term volume
Carrier type code nc
Source rdacarrier
650 #0 - SUBJECT ADDED ENTRY--TOPICAL TERM
Topical term or geographic name entry element Travel.
650 #0 - SUBJECT ADDED ENTRY--TOPICAL TERM
Topical term or geographic name entry element Travel agents.
650 #0 - SUBJECT ADDED ENTRY--TOPICAL TERM
Topical term or geographic name entry element Air travel.
906 ## - LOCAL DATA ELEMENT F, LDF (RLIN)
a 7
b cbc
c orignew
d 2
e ncip
f 19
g y-gencatlg
925 0# -
-- acquire
-- 2 shelf copies
-- policy default
991 ## -
-- c-GenColl
-- G151
-- .R65 1986
-- Copy 1
-- BOOKS
Holdings
Withdrawn status Lost status Damaged status Not for loan Home library Current library Shelving location Date acquired Total checkouts Full call number Barcode Date last seen Price effective from Koha item type
        Centerville Centerville General stacks 22/03/2026   380.1/459104 LOC-CPL-00023 22/03/2026 22/03/2026 Books